Guía de estudio para maestros : temas de educación sexual, equidad de género y prevención de adicciones :

Gespeichert in:
Bibliographische Detailangaben
Körperschaften: México. Secretaría de Educación Pública. Subsecretaría de Educación Básica y Normal. Dirección General de Materiales y Métodos Educativos., Comisión Nacional de Libros de Texto Gratuitos. (México)
Weitere Verfasser: Sánchez Martínez, Armando., Hernández Castellanos, María Elena.
Format: Buch
Sprache:Spanisch
Erschienen: México : Secretaría de Educación Pública :Comisión Nacional de Libros de Texto Gratuitos, [1999?]
Katalog:MANES:  Suchergebnis im Bibliothekskatalog
Schulbuchspezifische Eigenschaften:
Schriftenreihe:Libro de texto gratuito
Tags: Tag hinzufügen
Keine Tags, Fügen Sie den ersten Tag hinzu!
Hinzugefügt zu:10.06.2008
Geändert in:08.05.2025

MARC

LEADER 00000cam a2200000 a 4500
003 OSt
005 20250508092023.0
008 080611n1999 mx 000 0 spa d
020 |a 9701821831 
040 |a CINV  |c CINV 
050 0 4 |a LTG LB1585  |b S36 5º-6º 
051 0 4 |a LTG LB1585-S36 5º-6º 
110 2 |a México.  |b Secretaría de Educación Pública.  |b Subsecretaría de Educación Básica y Normal.  |b Dirección General de Materiales y Métodos Educativos.  |9 24461 
546 |a México 
561 |5 mx-CINVES  |a México. DIE-Cinvestav (Ciudad de México)  |k MANES 
691 0 |a PRI 
700 1 |a Sánchez Martínez, Armando.  |9 45773 
245 1 0 |a Guía de estudio para maestros :  |b temas de educación sexual, equidad de género y prevención de adicciones :  |b 5º y 6º grados /  |c Armando Sánchez Martínez, María Elena Hernández Castellanos. 
260 |a México :  |b Secretaría de Educación Pública :Comisión Nacional de Libros de Texto Gratuitos,  |c [1999?] 
300 |a 61 p ;  |c 21 cm. 
440 |a Libro de texto gratuito  |9 21882 
700 1 |a Hernández Castellanos, María Elena. 
710 2 |a Comisión Nacional de Libros de Texto Gratuitos. (México)  |9 24074 
910 |a E-34935  |b Don.- 1999. 
911 |a E-34935 
942 |2 ddc  |c BK 
999 |c 54587  |d 54587 
999 |c manes:54587  |d 54587